Mot mystérieux - Série 11 - Statistiques

Statistiques générales
  • Ce quiz a été pris 74 fois
  • Le résultat moyen est 7 sur 10
Statistiques - réponses
Indices Mot % Correct
Tours - Oz - Illusion - Prestigitateur Magicien
96%
Carillon - Pâques - Quasimodo - Pied Cloche
94%
Pavillon - Sons - Tympan - Ecouter Oreille
93%
Agent - Confidence - Etat - Polichinelle Secret
91%
Poignée - Parole - Bonheur - Cochère Porte
87%
Couteau - Recette - Livre - Equipée Cuisine
84%
Chapeaux - Secours - Fortune - Paon Roue
83%
Droit - Mort - Tir - Aigu Angle
58%
Salon - Braderie - Fiesta - Trone Foire
57%
Chapeau - Rouge - Succès - Cible Carton
7%
Aucun quiz correspondant
Distribution des résultats
% des personnes avec chaque résultat
Percentile par nombre de réponses
Votre historique - résultats
Vous n’avez pas pris ce quiz